Architektúra ako premýšľanie o priestore

Bibliographic Details
Main Authors: Cifrová, Martina (ain), Čupková-Myersová, Dana 1972- (Author)
Format: Article
Language:Slovak
PhysicalDescription:Fotogr.
ISSN:1335-1230
Subjects:

MARC

LEADER 00000nab a2200000 a 4500
001 vtls000852901
003 SK-MaSNL
005 20260302171321.0
008 140328c2003 xo 0 slo
015 |a SNBRB2003/11-32161 
035 |a CLN000204556 
040 |a SNKBUCL  |b slo  |c SNKBUCL  |e AACR2 
041 0 |a slo 
044 |a xo  |c SK 
080 |a 72.071.1  |2 1997 
080 |a 929 Čupková-Myersová, Dana  |2 1997 
100 1 |a Cifrová, Martina  |4 ain  |9 738003 
245 1 0 |a Architektúra ako premýšľanie o priestore  |c M. Cifrová, Dana Čupková-Myersová 
300 |b Fotogr. 
504 |a Biogr. údaje 
600 2 7 |a Čupková-Myersová, Dana  |d 1972-  |2 snkbucl  |9 875319 
655 7 |a články z novín a časopisov  |2 snkbucl  |9 267496 
700 1 |a Čupková-Myersová, Dana  |d 1972-  |4 aut  |9 875319 
773 0 |t ASB  |g Roč. 10, č. 7 (2003), s. 18-20  |x 1335-1230 
850 |a Slovenská národná knižnica v Martine 
852 |a SNK  |b KIS3GCP 
958 |a BX 
992 |a RBX 
999 |c 1395331  |d 1397261